000 00487nam a2200169Ia 4500
003 OSt
005 20200612100807.0
008 190216s9999||||xx |||||||||||||| ||und||
020 _a8185395667
040 _coclc
082 _a737.495496
_bWAL/C
100 _aWalsh, E H
_92811
245 4 _aThe Coinage Of Nepal /
_cE H Walsh
260 _b Low Price Publications,
_c1990.
_aNew Delhi:
300 _a99p
942 _cBK
_2ddc
_h737.495496
_iWAL/C
_k737.495496
_mWAL/C
999 _c20428
_d20428